| 000 | 00604cam a2200205ua 4500 | ||
|---|---|---|---|
| 001 | 852 | ||
| 008 | 110421n ii |||gr||||Z||||||asm | ||
| 040 | _cMAIN | ||
| 082 | _a320.5 | ||
| 245 |
_aSnatak moholar Socrates, Plato, Aristotleor rajnoitik darshan aru rajniti bigyanor tattwa _cby Mrigendra Narayan Das |
||
| 250 | _a2nd. | ||
| 260 |
_aDibrugarh: _bStudents emporium,995. |
||
| 300 | _a328p.:5cm. | ||
| 653 | _aPolitical science | ||
| 653 | _aPolitical theory | ||
| 653 | _aRajnoitik tattwa | ||
| 700 |
_aDas, Mrigendra Narayan, _eAuthor. |
||
| 700 |
_aBhagabati, Dhiren, _eAuthor. |
||
| 942 | _cBK | ||
| 999 |
_c775 _d775 |
||